History Quiz

Random History or Politics Quiz

Name a 21st Century Leader from... Quiz Stats

 Plays Quiz Updated Aug 25, 2018

Challenge
Share
Tweet
Embed
Score 0/12 Timer 04:00
0 Plays Today
Office Leaders % Correct
President of the United StatesDonald Trump, Barack Obama...
98.5%
President of RussiaVladimir Putin, Dmitry Medvedev
96.1%
Prime Minister of the United KingdomTheresa May, David Cameron...
94.5%
Chancellor of GermanyAngela Merkel, Gerhard Schröder
93.1%
Prime Minister of CanadaJustin Trudeau, Stephen Harper...
84.1%
President of FranceEmmanuel Macron, François Hollande...
79.5%
Prime Minister of JapanShinzō Abe, Yoshihiko Noda...
58.6%
Prime Minister of ItalyGiuseppe Conte, Paolo Gentiloni...
58.2%
President of ChinaXi Jinping, Hu Jintao...
58%
Prime Minister of AustraliaScott Morrison, Malcolm Turnbull...
44.9%
President of South AfricaCyril Ramaphosa, Jacob Zuma...
36.2%
President of BrazilMichel Temer, Dilma Rousseff...
36%

You're not logged in!

Compare scores with friends on all Sporcle quizzes.
OR
Log In

You Might Also Like...

Show Comments

Extras

Top Quizzes Today


Score Distribution

Your Account Isn't Verified!

In order to create a playlist on Sporcle, you need to verify the email address you used during registration. Go to your Sporcle Settings to finish the process.

Report this User

Report this user for behavior that violates our Community Guidelines.

Details: